[Event "Elista FIDE GP"]
[Site "Elista"]
[Date "2008.12.20"]
[Round "6"]
[White "Akopian, Vladimir Eduardovic"]
[Black "Alekseev, Evgeny V"]
[Result "0-1"]
[WhiteElo "2679"]
[BlackElo "2715"]
[Annotator "Marin,M"]
[PlyCount "122"]
[EventDate "2008.12.14"]
[EventType "tourn"]
[EventRounds "13"]
[EventCountry "RUS"]
[EventCategory "19"]
[SourceTitle "CBM 128"]
[Source "ChessBase"]
[SourceDate "2009.01.28"]
[SourceVersion "1"]
[SourceVersionDate "2009.01.28"]
[SourceQuality "1"]

1. e4 e5 2. Nf3 Nc6 3. Bb5 a6 4. Ba4 Nf6 5. O-O Be7 6. Re1 b5 7. Bb3 d6 8. c3
O-O 9. h3 Nb8 10. d4 Nbd7 11. Nbd2 Bb7 12. Bc2 Re8 13. Nf1 Bf8 14. Ng3 g6 15.
b3 Bg7 16. d5 Rc8 17. c4 ({I made a survey of this increasingly popular
variation in my comments to the game} 17. Bg5 {Landa,K (2613)-Kamsky,G (2729)/
Kallithea 2008/CBM 127/[Marin] (1/2, 48). In some of my notes below, I will
just mention the games that have been commented in the notes to this same game.
}) 17... c6 18. Bd2 (18. Be3 {Karjakin,S (2732)-Kamsky,G (2726)/Baku 2008/CBM
127 (1/2, 44)}) 18... Nc5 (18... a5 {Karjakin,S (2730)-Harikrishna,P (2659)/
Motril 2008 (0-1, 60) קb5}) (18... Qc7 {Leko,P (2741)-Kamsky,G (2723)/Moscow
Tal Mem blitz 2008 (0-1, 61)}) 19. Rb1 $146 {Judging from the course of the
game, this is not a very inspired novelty.} ({Previously,} 19. Rc1 {had been
played, but after} a5 {White unnecessarily weakened the b3-square with} 20. a3
$6 ({He should have continued as in our main game, when the rook would have
been better placed on c1, at least if Black would have defended in the same
way, for instance} 20. Be3 Qc7 21. Bxc5 dxc5 22. Bd3 bxc4 23. bxc4 Ba6 24. Bf1
Bh6 25. Rc3 {and Black would have had to live with the permanent threat of
dxc6 followed by a knight transfer to d5, since} cxd5 {does not work anymore
because of} 26. cxd5 {[%csl Gc4]} c4 $6 27. Nd2 Bxd2 28. Qxd2 $16 {and Black
is worse on practically all the areas of the board.}) 20... bxc4 21. bxc4 Nfd7
22. Bb1 Ba6 23. Nf1 a4 24. Bg5 Qb6 $11 {with a stable position for Black in
Krakops,M (2440)-Gabriel,C (2570)/Pula 1997/CBM 057 ext (1/2, 44)}) 19... Qc7
20. Be3 a5 ({Black does not have time to consolidate with} 20... Nfd7 {because
of} 21. b4 $16 {[%csl Gc5]}) 21. Bxc5 $5 {A double edged decision. White
spoils Black's structure, but gives up an important bishop.} (21. Qd2 {could
already have been answered with} Nfd7 $11) 21... dxc5 22. Bd3 (22. d6 {is
usually risky in this type of position. After} Qd7 {the pawn would remain
vulnerable.}) 22... bxc4 23. bxc4 (23. Bxc4 $2 {loses the central pawn after}
cxd5 24. exd5 Rcd8) 23... Ba6 $5 {Preparing to release the tension in the
centre.} 24. Qc2 ({Now,} 24. Rc1 {fails to stabilize the position, mainly
because of having lost one tempo compared to the aforementioned game:} Bh6 25.
Rc3 cxd5 26. cxd5 c4 27. Bf1 (27. Nd2 {offers Black very active play after}
cxd3 $3 28. Rxc7 Rxc7 29. Ngf1 Rc2 $15) 27... Rb8 28. Nd2 (28. Qc2 Rec8) 28...
Bf4 29. Nxc4 Rb4 30. Qc2 Rc8 {and White cannot unpin himself properly.}) 24...
cxd5 25. cxd5 ({Usually, a move such as} 25. exd5 {does not offer White
anything concrete, but here, with the black queen's bishop badly placed and
the b5-square weak, it may have been a better try for complex play. Black
would answer} Bf8 $13 {with acceptable stability on the dark squares. His
central pawns could become threatening in the long run.}) 25... c4 $1 26. Bf1
Bf8 {[%cal Gf8b4,Gc7d6,Gf6d7] The start of an excellent regroupment, absolving
Black from any problems, despite his slightly spoiled structure.} 27. Ne2 {
White, too, improves the placement of his minor pieces. The c4-pawn needs to
be safely blocked.} Nd7 28. Nc3 Bb4 29. Red1 Qd6 30. Nd2 Kg7 $11 {Both sides
have completed their regroupment and the position is about equal. The most
logical outcome of the game would be a peaceful draw, but Akopian decides to
force matters.} 31. a3 $6 Bxa3 32. Nb5 Bxb5 33. Rxb5 Bb4 $1 {The rook is
trapped now and White does not get entirely adequate compensation for the
exchange, mainly because his f2-square is vulnerable.} 34. Nxc4 (34. Ra1 {
is not better:} Nb6 (34... Qa6 $2 35. Rxb4 $18) 35. Nxc4 Nxc4 36. Bxc4 Qc7 37.
Rc1 Ba3 38. Ra1 Be7 $1 {A nice manoeuvre, winning an essential tempo.} 39. Ra4
(39. Rc1 Bg5 $19) 39... Bb4 $1 {Now, the rook cannot return to c1 anymore.} 40.
Raxb4 axb4 41. Rxb4 Rb8 $17) 34... Qa6 $15 35. Qa4 (35. Rxb4 axb4 36. Qb3 $15 {
[%cal Gc4e5,Gb3b4]}) 35... Nc5 36. Rxc5 Bxc5 37. d6 {Apparently, this is a
favourite pattern of Akopian, without any objective reason. At the Moscow
Olympiad in 1994, playing against me, he was forced to sacrifice an exchange,
obtaining an advanced pawn on d6, sustained by a stable c4-knight. In that
game, we also had opposite coloured bishops. However, things did not go too
well for Akopian, who lost on both occasions.} Rcd8 38. Nxe5 Qb6 39. Nc4 Bxf2+
40. Kh1 Qa7 41. e5 Bg3 42. Qa1 Kg8 43. Qxa5 Qf2 44. Qc3 Bf4 45. Rb1 h5 46. Qe1
Qxe1 47. Rxe1 f6 48. Bd3 Kh7 49. g4 hxg4 50. hxg4 Bxe5 51. g5 Kg7 52. gxf6+
Bxf6 53. Rg1 Rh8+ 54. Kg2 Rh4 55. Rb1 Rd4 56. Bf1 Rc8 57. Rb7+ Kh6 58. Rc7 Ra8
59. Rf7 Kg5 60. Rb7 Ra2+ 61. Kg3 Rg4+ 0-1

[Event "ROM-chT"]
[Site "Calimanesti Caciulata"]
[Date "2016.11.23"]
[Round "5.4"]
[White "Zhigalko, Andrey"]
[Black "Marin, Mihail"]
[Result "1/2-1/2"]
[WhiteElo "2584"]
[BlackElo "2549"]
[Annotator "Marin,M"]
[PlyCount "99"]
[EventDate "2016.11.19"]
[EventType "team-tourn"]
[EventRounds "9"]
[EventCountry "ROU"]
[SourceTitle "CBM 176"]
[Source "ChessBase"]
[SourceDate "2017.01.17"]
[SourceVersion "1"]
[SourceVersionDate "2017.01.17"]
[SourceQuality "1"]
[WhiteTeam "Vados"]
[BlackTeam "Timisoara Medicina"]
[WhiteTeamCountry "ROU"]
[BlackTeamCountry "ROU"]

1. e4 e5 2. Nf3 Nc6 3. Bb5 a6 4. Ba4 Nf6 5. O-O Be7 6. Re1 b5 7. Bb3 d6 8. c3
O-O 9. h3 Nb8 10. d4 Nbd7 11. Nbd2 Bb7 12. Bc2 Re8 13. a4 {At this time I feel
that this is one of the most challenging move orders. White starts attacking
on the queenside before Black gets perfectly coordinated and without
committing his d2-knight.} Bf8 (13... c5 14. d5 c4 15. b4 {Svetushkin,D (2586)
-Marin,M (2580) Reykjavik 2015 CBM 170 [Marin,M] (1/2-1/2, 41); eventually
yielded me great play, but I have expressed some of my doubts in the comments.}
) 14. Bd3 c6 {When commenting this game I was intrigued to find out that 13.a4
had enjoyed some popularity at GM level in the classical years, too. Black has
tried out other moves, too.} ({The typical central break} 14... d5 {yielded
good results but there seems to be a slight problem.} 15. axb5 $1 {is the
critical test.} (15. exd5 {is not at all dangerous.} exd4 16. Rxe8 (16. Nxd4
Rxe1+ 17. Qxe1 Bxd5 18. axb5 axb5 19. Rxa8 Qxa8 20. Bf1 b4 $11) 16... Qxe8 17.
Nxd4 (17. cxd4 Nb6 18. axb5 axb5 19. Rxa8 Bxa8 20. Qb3 b4 $11 {Yudasin,L (2495)
-Mikhalchishin,A (2525) Kuibyshev 1986 (1/2-1/2, 31)}) 17... Bxd5 18. axb5 axb5
19. Rxa8 Qxa8 20. Bf1 b4 {1/2-1/2 (59) Solozhenkin,E (2510)-Notkin,M (2515)
Vrnjacka Banja 1996}) 15... dxe4 (15... axb5 $2 16. Rxa8 Qxa8 17. exd5 exd4 18.
Rxe8 $1 {spoiling Black's coordination. The queen needs to keep up the
pressure on g2 but} Nxe8 19. Nxd4 Bxd5 20. Bxb5 $16 {leaves the d7-knight
undefended allowing White to keep the extra pawn.}) 16. Nxe4 Nxe4 17. Bxe4 Bxe4
18. Rxe4 axb5 19. Rxa8 $1 $146 (19. Bg5 f6 20. Bh4 Rxa1 21. Qxa1 Bd6 22. Qa2+
Kh8 23. dxe5 Nxe5 {1/2-1/2 Ljubojevic,L (2605)-Portisch,L (2610) Bugojno 1986})
19... Qxa8 20. Qe2 $14 {This position is slightly more pleasant for White but
players with good defensive skills may have nothing against playing it with
Black.} f6 (20... f5 21. Re3 e4 22. Qxb5) 21. dxe5 fxe5 22. c4 (22. Nxe5 Qd5 {
[%cal Gf8d6]} 23. f4 $6 Bc5+ 24. Kh2 Nf6 $17 {[%csl Ge4]}) (22. Nd4 $5 Qa1)
22... b4 23. Bf4 Bd6) (14... exd4 15. cxd4 c5 {is more ambitious but also
fails to equalise completely in just one line.} 16. axb5 axb5 17. Rxa8 Bxa8 18.
Bxb5 (18. dxc5 Nxc5 19. Bxb5 Re7 20. Nd4 Ncxe4 21. Nxe4 Rxe4 22. Rxe4 Nxe4 23.
Be3 {Kuczynski,R (2415)-Szymczak,Z (2335) Gdynia 1985 (1-0, 40)} d5 $11 {
[%cal Gf8b4]}) (18. d5 c4 19. Bb1 Nc5 20. b4 cxb3 21. Bb2 Bb7 22. Re3 g6 23.
Nxb3 {Short,N (2650)-Hjartarson,J (2615) Amsterdam 1989 (1-0, 48)} Bg7 $5 $146
{An exchange on c5 would lead to uncontrolable complications, but tactics are
available all the way for instance} 24. Qd4 Qc7 25. Qb4 Nxd5 $1 26. exd5 Rxe3
27. fxe3 Bxb2 28. Nxc5 Qxc5 29. Qxb2 Qxe3+ 30. Qf2 Qc1+ 31. Qe1 Qc5+ 32. Kh2
Bxd5 33. Be4 Be6 {[%cal Gb5b3] Black has three pawns for a knight and a strong
passed pawn. Even if things turn out badly, he can count on saving the game
due to the favourable colour of the h8-corner.}) 18... Nxe4 19. Nxe4 Rxe4 20.
Rxe4 Bxe4 21. Ng5 Bg6 22. Bxd7 $6 {wins a pawn but offers no chances for a win.
} (22. dxc5 $1 Nxc5 23. b4 Ne6 24. Nxe6 fxe6 25. Be3 d5 26. Qa4 e5 27. Bc5 $14
{White's queenside pawn may cause Black some headaches.}) 22... Qxd7 23. dxc5
Bf5 24. cxd6 Bxd6 {Black should have no problem simplifying to a drawn
opposite-coloured bishops ending.} 25. Qf3 h6 26. Ne4 Be5 27. Nc3 Qd3 28. Qxd3
Bxd3 29. Nd5 f6 30. Ne7+ Kf7 31. Nc6 Ke6 32. Nxe5 Kxe5 33. f3 h5 34. Be3 h4 {
1/2-1/2 Spassky,B (2605)-Karpov,A (2710) Tilburg 1983}) 15. Qc2 Rc8 16. axb5
axb5 17. b3 ({Last year I had analysed the following game:} 17. b4 c5 ({
Actually against Zhigalko I intended playing according to the following game:} 
17... g6 18. Bb2 Nh5 19. g3 exd4 20. cxd4 d5 21. Bc3 Nb6 22. e5 Rc7 {Short,N 
(2635)-Portisch,L (2605) Wijk aan Zee 1990 CBM 017 (1/2-1/2, 56)}) 18. bxc5
exd4 {0-1 (38) Karjakin,S (2762)-Svidler,P (2727) Baku 2015 CBM 169 [Marin,M]})
17... g6 {To tell the truth, I was out of book already, but in the Breyer
concrete theory is not that important.} 18. Bb2 Nh5 {Since it was clear that
sooner or later White would play c3-c4, I decided to bring the knight closer
to d4.} (18... Qc7 19. c4 bxc4 20. Nxc4 exd4 21. Bxd4 {1/2-1/2 Vallejo Pons,F 
(2697)-Grischuk,A (2760) Khanty-Mansiysk 2010} d5 $11) 19. Bf1 (19. c4 {
looks premature:} exd4 20. Bxd4 (20. Nxd4 b4 21. g3 Bg7 22. Bf1 Ra8 $11) 20...
c5 21. Bb2 b4 22. g3 (22. Nf1 Nf4 23. Kh2 Ra8 $15) 22... Bg7 23. Bf1 (23. Nf1
Bxb2 24. Qxb2 f5 $36) 23... Bxb2 24. Qxb2 Ra8 25. Bg2 Ng7 26. h4 Ne6 27. Nf1
Qf6 28. Qxf6 Nxf6 $15) 19... Nf4 20. b4 ({I was mainly considering} 20. g3 Ne6
21. h4 {without knowing it had been played before:} exd4 22. cxd4 d5 {This is
how I would have probably reacted, too.} 23. Bh3 (23. e5 b4 {[%cal Gc6c5]})
23... c5 24. exd5 Bxd5 {0-1 (47) Navara,D (2734)-Sasikiran,K (2639) Berlin 2015
}) 20... Bg7 {Slightly passive.} ({My initial intention was} 20... exd4 21.
cxd4 ({Actually I was not so sure about} 21. Nxd4 {but apparently Black can
take over the initiative by sacrificing a pawn:} c5 22. bxc5 dxc5 23. Nxb5 Ne5
{[%cal Gf4h3,Gd8d2,Ge5f3]} 24. Re3 c4 $44 {[%csl Rb2,Gd3][%cal Gf8c5]}) 21...
d5 22. Bc3 (22. Qb3 {deprives the knight of the b3 square causing Black no
problems at all.} Nb6 23. e5 Ne6 $11) 22... dxe4 (22... Nb6 23. e5 Nc4 24. g3
Ne6 25. Nb3 {may be just slightly better for White.}) 23. Nxe4 Nd5 24. Qb3 (24.
Nc5 Nxc5 25. dxc5 Nxc3 26. Rxe8 Qxe8 27. Re1 Qd7 28. Qxc3 Bg7 29. Qe3 Rd8 30.
g3 Bc8 31. Bg2 Qc7 $11 {[%cal Gc8e6]} 32. Ne5 $2 Re8 33. f4 f6 34. Bxc6 Rd8 $1
{[%csl Gd5]} 35. Qb3+ Kf8 $17) (24. Ne5 Rc7 {[%cal Gb7c8]}) 24... Rxe4 $5 25.
Rxe4 Nxc3 26. Qxc3 c5 27. Ree1 c4 28. Ne5 Nf6 $44 {[%csl Gb4]}) 21. Qb3 (21.
Nb3 Ne6 22. Na5 Ba8 {offers White some pressure but Black is solid enough.})
21... Ne6 22. Rad1 (22. d5 cxd5 23. Bxb5 dxe4 24. Nxe4 Bxe4 25. Rxe4 Rb8 26. c4
Nc7 27. Bxd7 Qxd7 28. Ra7 Qc6 $11) 22... Qb6 $6 {The queen is now not only far
from the kingside but also exposed.} (22... Qe7 $1 23. dxe5 Nxe5 24. c4 Ba6 25.
Nxe5 (25. c5 Nxf3+ 26. Nxf3 dxc5 27. Bxg7 Kxg7) 25... dxe5 26. Nf3 (26. c5 Rcd8
) 26... bxc4 27. Bxc4 Bxc4 28. Qxc4 Nc7 $11) 23. dxe5 Nxe5 (23... dxe5 24. c4
Rcd8 25. c5 {faces Black with problems of space, so I rightly decided to offer
the exchange of one knight before reaching a similar structure.}) 24. c4 Rcd8 (
{I refrained from} 24... Ba6 {due to} 25. c5 {and rightly so:} Nxf3+ 26. Qxf3
$1 {Possible only with the queen on b6 as otherwise the b2-bishop would be
hanging..} dxc5 27. Bxg7 Kxg7 28. e5 $36 {[%cal Gd2e4]} cxb4 29. Ne4 {[%cal
Gd1d7]} Rcd8 30. Qf6+ Kg8 31. Rd6) 25. Nxe5 ({Since Black controls the d-file
already,} 25. c5 {does not work out so well:} Nxf3+ 26. Qxf3 dxc5 27. Bxg7 Kxg7
28. e5 cxb4 29. Ne4 Rxd1 30. Rxd1 Rd8 31. Qf6+ Kg8) 25... dxe5 26. Nf3 (26. c5
Qc7 {[%cal Gb7c8]}) 26... bxc4 ({After the game my opponent suggested} 26...
Nd4 {but I was worried about} 27. Nxd4 ({He only mentioned} 27. Bxd4 exd4 28.
e5 c5 $132) 27... exd4 28. c5 Qc7 29. g3 $1 {[%cal Gf2f4] as I was afraid I
would lose the d4-pawn. Apparently, my fears were justified.} Bc8 30. f4 Be6
31. Qf3 {[%cal Ge4e5]}) 27. Bxc4 Rxd1 28. Rxd1 $14 {White is very active but
the almost symmetrical structure offers Black hopes of gradually equalising.}
Qc7 29. Qc2 h6 30. Rd2 Kh7 31. Qd1 Bc8 32. Qa1 Ng5 $2 {This could have led to
troubles.} ({As an experienced Pirc player I considered} 32... f6 $1 {but
rejected it for no concrete reason.} 33. Qa5 Qb7 34. Bc3 Nc7 $11) 33. Nxg5+
hxg5 34. Qa5 Qe7 35. Qc5 $6 {Missing a good moment to take over the initiative:
} (35. b5 $1 cxb5 36. Ba3 Qb7 37. Bd5 Qa6 (37... Qd7 38. Rc2 {[%cal Gc2c7]})
38. Qxa6 Bxa6 39. Bxf7 $16) 35... Be6 36. Bxe6 (36. Qxe7 Rxe7 37. Bxe6 Rxe6 38.
Rd7 $14) 36... Qxe6 37. Rc2 (37. Rd6 Qb3 38. Qc3 Qxc3 39. Bxc3 Rc8 {also looks
a bit more pleasant for White, but Black can regroup effectively:} 40. Kf1 Rc7
41. Ke2 Bf8 42. Rd8 Be7 43. Rb8 f6 44. Kd3 Kg7 45. Kc4 Rd7 46. Rc8 Rd6 {
and it is far from obvious how White could make progress.}) 37... Bf8 38. Qc4 (
38. Qb6 g4 $5 39. Qxc6 gxh3 40. Qxe6 Rxe6 41. Rc7 Bxb4 42. Rxf7+ Kg8 43. Rb7
Bc5 44. gxh3 Rf6 45. Bxe5 Rxf2 {should be drawn.}) 38... Qxc4 39. Rxc4 Re6 $11
{The worst is past for Black.} 40. Kf1 Kg7 41. Ke2 f6 42. Bc1 Kf7 43. Be3 Ke8
44. Bc5 Bxc5 45. bxc5 Re7 $1 {Black should activate the rook as soon as
possible in order to avoid micro-problems.} 46. Ra4 Rb7 47. Ra8+ Kd7 48. Rf8 (
48. Rg8 Rb5 49. Rxg6 Ke6 $11) 48... Ke7 49. Rc8 Kd7 50. Rf8 1/2-1/2

[Event "Olympiad-39"]
[Site "Khanty-Mansiysk"]
[Date "2010.09.29"]
[Round "8.1"]
[White "Kasimdzhanov, Rustam"]
[Black "Obodchuk, Andrei"]
[Result "1-0"]
[WhiteElo "2685"]
[BlackElo "2395"]
[Annotator "Marin,M"]
[PlyCount "55"]
[EventDate "2010.09.21"]
[EventType "team-swiss"]
[EventRounds "11"]
[EventCountry "RUS"]
[SourceTitle "CBM 139"]
[Source "ChessBase"]
[SourceDate "2010.11.18"]
[SourceVersion "1"]
[SourceVersionDate "2010.11.18"]
[SourceQuality "1"]
[WhiteTeam "Uzbekistan"]
[BlackTeam "IPCA"]
[WhiteTeamCountry "UZB"]

1. e4 e5 2. Nf3 Nc6 3. Bb5 a6 4. Ba4 Nf6 5. O-O Be7 6. Re1 b5 7. Bb3 d6 8. c3
O-O 9. h3 Nb8 10. d4 Nbd7 11. Nbd2 Bb7 12. Bc2 Re8 13. Nf1 Bf8 14. Bg5 h6 15.
Bh4 {I have examined this line in the notes to Gashimov,V (2734)-Svidler,P 
(2735)/Astrakhan 2010/CBM 137/[Marin,M] (1/2, 62)} Be7 {This is a rare move,
which I did not consider in my notes. Black intends to neutralize the annoying
bishop.} (15... g6 {was the game above, while other alternatives examined with
that occasion are: 15...c5, 15...g5 16.dxe5! and 15...exd4.}) 16. a4 $5 $146 ({
Precisely one week earlier, White tried} 16. Bg3 Bf8 {This bishop has moved
forth and back quite a lot, but each time it had some good reasons fro doing
it. Despite the seeming loss of time, Black has a viable position, as long as
he keeps the e5-pawn well defended, thus restricting the g3-bishop.} 17. dxe5
Nxe5 18. Nxe5 dxe5 19. Qf3 Nh7 20. Ne3 (20. h4 {prevents ...Ng5, but weakens
the g4-square a bit.} Qf6 21. Qe2 Qc6 22. a4 Nf6 23. axb5 axb5 24. Rxa8 Bxa8
25. Bd3 $14 {The pressure against the e5- and b5-pawns is unpleasant, but the
difference of class between the opponents in Short,N (2610)-Al Ghasra,A/Novi
Sad 1990/TD (1-0, 37) is too big to draw any conclusions.}) 20... Ng5 21. Qg4
Bc8 22. Qe2 c6 23. a4 Rb8 24. axb5 axb5 25. Red1 Qc7 26. Ng4 f6 27. Bb3+ Be6
28. Bxe6+ Nxe6 29. Qf3 Rbd8 {Black has regrouped perfectly and has little to
fear, Vachier Lagrave,M (2721)-Beliavsky,A (2632)/Khanty-Mansiysk 2010/CBM 139
(1/2, 61).}) ({Right after the Olympiad, the following game was played:} 16.
Ng3 $5 $146 g6 ({It does not look like a good idea to "win" a piece with} 16...
g5 17. Nxg5 hxg5 18. Bxg5 $44 {, especially without speciffic preparation.})
17. Qd2 Kg7 18. Rad1 {White has completed his dveelopment exerts some pressure,
but with the next move Black somewhat relieves his position.} Nh7 19. Bxe7 Qxe7
20. dxe5 Nxe5 21. Nd4 Qg5 $2 {A rather careless move.} (21... Nc4 22. Qe2 Qg5 {
looks OK for Black.}) 22. Ngf5+ $1 gxf5 23. f4 Nc4 24. fxg5 Nxd2 25. Nxf5+ Kf8
26. Rxd2 hxg5 27. e5 $36 {Black has acute problems and later only miracle
saved him in Gashimov,V (2719)-Carlsen,M (2826)/Nanjing 2010/CBM 139 (1/2, 75)}
) (16. dxe5 Nxe5 ({Given the fact that this allows the enemy queen getting to
f3,} 16... dxe5 $5 {comes into consideration.}) 17. Nxe5 dxe5 18. Qf3 {Having
over-defended e4, White is ready to play Ne3-d5.} Nd7 19. Bg3 Bd6 20. Ne3 g6
21. Bb3 {White's position is more pleasant, despite the symmtrical structure,
but Black has no insurmontable problems either.} Rf8 22. Qg4 Kh7 23. Bh4 h5 24.
Qg3 Be7 25. Bxe7 Qxe7 26. Nd5 Bxd5 27. Bxd5 Rad8 28. a4 Nb6 29. axb5 axb5 30.
Rad1 Rd6 $11 {Plaskett,J (2405)-Kraidman,Y (2440)/Gausdal 1981/MCD (1/2, 58)})
16... c6 {A solid, though somewhat passive, reaction to the opening surprise.}
(16... c5 {is more in the spirit of the Breyer system.}) 17. Ng3 g6 18. Qd2 Kg7
19. b4 {White enjoys considerable space advantage now.} Nh7 20. Bxe7 Qxe7 21.
Bb3 Ng5 22. Nh2 Ne6 {This is not an especially stable square for the knight,
so maybe he should not have hurried with this move.} (22... Nf6 23. h4 Ne6 24.
h5 Nf4 25. hxg6 fxg6 {and Black may become ambitious with ...h5-h4 at some
point.}) 23. Red1 Red8 $2 {Black does not feel the danger.} (23... Nf6 $14 {
would have maintained his position hard to break.}) 24. axb5 $1 {Before
initiating the final attack, it makes sense to release the tension.} (24. Bxe6
Qxe6 25. Ng4 {does not lead to anything concrete after} h5) 24... cxb5 (24...
axb5 25. Rxa8 Bxa8 {Once the d8-rook has remained insufficiently well defended,
White has the possibility of a sacrificial attack.} (25... Rxa8 {leaves the
d-file undefended after} 26. dxe5) 26. dxe5 dxe5 27. Bxe6 Qxe6 28. Ng4 h5 29.
Qh6+ Kg8 30. Nxh5 gxh5 31. Qg5+ Kh7 32. Qxd8 $18) 25. dxe5 dxe5 (25... Nxe5 26.
f4 $40) 26. Bxe6 $1 fxe6 (26... Qxe6 27. Ng4 $18 h5 28. Qh6+ Kg8 29. Rxd7 $1
Rxd7 30. Nxh5 gxh5 31. Nf6+ Qxf6 32. Qxf6 $18) 27. Ng4 Qg5 28. Qxd7+ $1 {
White gets decisive material advantage and maintains a powerfull attack along
the seventh rank.} (28. Qxd7+ Rxd7 29. Rxd7+ Kg8 30. Rxb7 $18) 1-0